| 000 | 00403nam a2200157Ia 4500 | ||
|---|---|---|---|
| 008 | 210716s2018 xx 000 0 und d | ||
| 020 | _a9789353060459 | ||
| 041 | _aeng | ||
| 082 | _a658.4012 SLAN | ||
| 100 | _aSlack, Nigel;Lewis, Michael. | ||
| 245 | _aOperations strategy. | ||
| 250 | _a5 | ||
| 260 |
_aNew Delhi _bPearson Education _c2018 |
||
| 300 | _axxiv,471 | ||
| 650 | _aStrategic Management | ||
| 999 |
_c211040 _d211040 |
||